logo

Bir Sreshtho Munshi Abdur Rouf Library
Jhenaidah Cadet College

নীল ডাউনে ফার্স্ট বয় / (Record no. 13248)

MARC details
000 -LEADER
fixed length control field 00877nam a2200253 a 4500
001 - CONTROL NUMBER
JCCL Control Number 13248
003 - CONTROL NUMBER IDENTIFIER
JCCL marc code BD-JhCC
005 - DATE AND TIME OF LATEST TRANSACTION
control field 20230801084531.0
008 - FIXED-LENGTH DATA ELEMENTS--GENERAL INFORMATION
fixed length control field 230623s2020 bg a|||| ||a| 00| 0 ben d
020 ## - INTERNATIONAL STANDARD BOOK NUMBER
International Standard Book Number 9789848881232
035 ## - SYSTEM CONTROL NUMBER
system control number (BD-JhCC)13248
040 ## - CATALOGING SOURCE
Original cataloging agency BD-JhCC
Modifying agency BD-JhCC
041 ## - LANGUAGE CODE
Language code of Book ben
082 ## - DEWEY DECIMAL CLASSIFICATION NUMBER
Classification number 891.4435
Author mark and Year HAB 2020
100 ## - MAIN ENTRY--PERSONAL NAME
Personal name হাবীব, আহসান
245 ## - TITLE STATEMENT
Title নীল ডাউনে ফার্স্ট বয় /
Statement of responsibility, etc আহসান হাবীব; চিত্রাবলীতে আরহাম হাবীব
260 ## - PUBLICATION, DISTRIBUTION, ETC. (IMPRINT)
Place of publication, distribution, etc ঢাকা :
Name of publisher, distributor, etc ঘাসফড়িং,
Date of publication, distribution, etc ২০২০
300 ## - PHYSICAL DESCRIPTION
Pagination ৮৮ পৃ. :
Dimensions ২৩ সেমি.
Other physical details রঙিন পৃষ্ঠা;
650 ## - SUBJECT ADDED ENTRY--TOPICAL TERM
Topical term or geographic name as entry element Children stories
650 ## - SUBJECT ADDED ENTRY--TOPICAL TERM
Topical term or geographic name as entry element Juvenile Literature
700 ## - ADDED ENTRY--PERSONAL NAME
Personal name হাবীব, আরহাম
942 ## - ADDED ENTRY ELEMENTS (KOHA)
Source of classification or shelving scheme Dewey Decimal Classification
Koha item type Books
Holdings
Source of classification or shelving scheme Damaged status Not for loan Home library Current library Shelving location Date of accession Cost, normal purchase price Total Checkouts Full call number Barcode Date last seen Date checked out Copy number Method of acquisition Koha item type Currency
Dewey Decimal Classification     JCC Rouf Library JCC Rouf Library General Stacks 06/23/2023 189.00 4 891.4435 HAB 2020 18165 09/20/2023 09/19/2023 C-1 Purchase Books BDT

JCC Library | Contacts | JCC Home

Last Update on 23 September 2017
Copyright @ 2017-2020 JCC Rouf Library
Rouf Library, Jhenidah Cadet College (JCC), Bangladesh